MARC

LEADER 00000nam0a2200000 4500
001 305638
005 20231102001823.0
020 |a RU  |b 83-55431 
035 |a (RuTPU)RU\TPU\book\330910 
090 |a 305638 
100 |a 20150929d1983 m y0rusy5003 ca 
101 0 |a rus 
102 |a RU 
105 |a a j 001zy 
200 1 |a Проектирование оснований и фундаментов сооружений гидромелиоративных систем  |e учебное пособие для вузов  |f Н. Н. Фролов 
205 |a 2-е изд., перераб. и доп. 
210 |a Москва  |c Колос  |d 1983 
215 |a 272 с.  |c ил., карт. 
225 1 |a Учебники и учебные пособия для высших сельскохозяйственных учебных заведений 
320 |a Библиогр.: с. 270 
606 1 |a Гидромелиоративные системы  |x Эксплуатация  |2 stltpush  |3 (RuTPU)RU\TPU\subj\6750  |9 34554 
610 1 |a основания 
610 1 |a учебники 
610 1 |a фундаменты 
610 1 |a проектирование 
610 1 |a грунты 
610 1 |a физико-механические свойства 
610 1 |a напряженно-деформированное состояние 
610 1 |a расчеты 
610 1 |a неглубокое залегание 
610 1 |a искусственные основания 
610 1 |a свайные фундаменты 
610 1 |a котлованы 
610 1 |a лессовые породы 
675 |a 626.8(075.8)  |z rus  |v 3 
700 1 |a Фролов  |b Н. Н.  |g Николай Николаевич  |4 070 
801 0 |a RU  |b RuMRKP  |c 19950704  |g psbo 
801 1 |a RU  |b 63413507  |c 20150929 
801 2 |a RU  |b 63413507  |c 20190716  |g RCR 
942 |c BK